[Event "Internet Section 06A g/8'+2\""]
[Site "Dos Hermanas"]
[Date "2004.03.06"]
[Round "6"]
[White "Daurat, David"]
[Black "Suarez Trejo, Javier"]
[Result "0-1"]
[WhiteElo "1129"]
[BlackElo "1442"]
[PlyCount "68"]
[EventDate "2004.03.06"]
[EventType "swiss (blitz)"]
[EventRounds "9"]
[EventCountry "ESP"]
[SourceTitle "CBM 099 Extra"]
[Source "ChessBase"]
[SourceDate "2004.05.04"]
[SourceVersion "1"]
[SourceVersionDate "2004.05.04"]
[SourceQuality "1"]

1. e4 e5 2. f4 d6 3. Nf3 Bg4 4. Bc4 exf4 5. 0-0 Nf6 6. Nc3 Nc6 7. d4 Qd7 8. Bxf4 0-0-0 9. h3 Bh5 10. Qe2 Nxd4 11. Qf2 Nxf3+ 12. gxf3 Qxh3 13. Qxa7 Bxf3 14. Qa8+ Kd7 15. Bb5+ c6 16. Qxb7+ Ke8 17. Qxc6+ Nd7 18. Rxf3 Qxf3 19. Rf1 Qg4+ 20. Kf2 Qxf4+ 21. Ke1 Qc1+ 22. Nd1 Be7 23. c3 Bh4+ 24. Ke2 Qc2+ 25. Ke3 Bg5+ 26. Kd4 Ke7 27. e5 dxe5+ 28. Kd5 Nb8+ 29. Kc5 Nxc6 30. Bc4 Rc8 31. Rxf7+ Kd8 32. Ne3 Qg6 33. Nd5 Qxf7 34. Nb6 Qf2+ 0-1

[Event "Internet Section 06A g/8'+2\""]
[Site "Dos Hermanas"]
[Date "2004.03.06"]
[Round "2"]
[White "Suarez Trejo, Javier"]
[Black "Rodriguez Suarez, Luis Alejandro"]
[Result "0-1"]
[WhiteElo "1541"]
[BlackElo "1927"]
[PlyCount "48"]
[EventDate "2004.03.06"]
[EventType "swiss (blitz)"]
[EventRounds "9"]
[EventCountry "ESP"]
[SourceTitle "CBM 099 Extra"]
[Source "ChessBase"]
[SourceDate "2004.05.04"]
[SourceVersion "1"]
[SourceVersionDate "2004.05.04"]
[SourceQuality "1"]

1. d4 Nf6 2. c4 e6 3. Nc3 Bb4 4. Bd2 0-0 5. Nf3 b6 6. e3 Bb7 7. Be2 d6 8. 0-0 Nbd7 9. a3 Bxc3 10. Bxc3 Ne4 11. Qc2 f5 12. Rac1 g5 13. Bd3 Rf6 14. d5 e5 15. Bxe4 fxe4 16. Nxg5 Rh6 17. Nxe4 Qh4 18. h3 Rf8 19. Ng3 Qg5 20. Qe2 Nf6 21. Rc2 Bc8 22. Be1 Qh4 23. Qf3 Bg4 24. hxg4 Qh2# 0-1

[Event "Internet Section 06A g/8'+2\""]
[Site "Dos Hermanas"]
[Date "2004.03.06"]
[Round "5"]
[White "Suarez Trejo, Javier"]
[Black "Stupp, Josef"]
[Result "0-1"]
[WhiteElo "1427"]
[BlackElo "1595"]
[PlyCount "106"]
[EventDate "2004.03.06"]
[EventType "swiss (blitz)"]
[EventRounds "9"]
[EventCountry "ESP"]
[SourceTitle "CBM 099 Extra"]
[Source "ChessBase"]
[SourceDate "2004.05.04"]
[SourceVersion "1"]
[SourceVersionDate "2004.05.04"]
[SourceQuality "1"]

1. c4 Nf6 2. Nf3 e6 3. g3 c6 4. Bg2 d5 5. cxd5 Nxd5 6. 0-0 Bc5 7. d4 Bb6 8. Nc3 0-0 9. Nxd5 cxd5 10. Bf4 Nc6 11. Rc1 Bd7 12. a3 Qf6 13. e3 Rac8 14. Bg5 Qg6 15. Qc2 h6 16. Qxg6 fxg6 17. Bf4 g5 18. Be5 Rf5 19. Bd6 Bc7 20. Bxc7 Rxc7 21. Ne5 Rf8 22. Nxd7 Rxd7 23. Bh3 Re8 24. Rc3 h5 25. Rfc1 g4 26. Bg2 Rf7 27. e4 Nxd4 28. exd5 Ne2+ 29. Kh1 Nxc1 30. Rxc1 exd5 31. Bxd5 Ref8 32. Bxf7+ Rxf7 33. Rc8+ Kh7 34. Kg2 b6 35. Rc2 g6 36. Rc3 Kg7 37. f3 gxf3+ 38. Rxf3 Rc7 39. Rc3 Rxc3 40. bxc3 Kf6 41. Kf3 Ke5 42. Ke3 Kd5 43. Kd3 b5 44. h3 g5 45. h4 g4 46. Kc2 Kc4 47. Kb2 a5 48. Kc2 a4 49. Kb2 Kd3 50. Ka2 Kc2 51. Ka1 Kxc3 52. Kb1 Kb3 53. Kc1 Kxa3 0-1

[Event "Internet Section 06A g/8'+2\""]
[Site "Dos Hermanas"]
[Date "2004.03.06"]
[Round "7"]
[White "Suarez Trejo, Javier"]
[Black "Zapata Rios, Pedro"]
[Result "1/2-1/2"]
[WhiteElo "1467"]
[BlackElo "1708"]
[PlyCount "79"]
[EventDate "2004.03.06"]
[EventType "swiss (blitz)"]
[EventRounds "9"]
[EventCountry "ESP"]
[SourceTitle "CBM 099 Extra"]
[Source "ChessBase"]
[SourceDate "2004.05.04"]
[SourceVersion "1"]
[SourceVersionDate "2004.05.04"]
[SourceQuality "1"]

1. c4 Nf6 2. Nf3 g6 3. g3 d6 4. Nc3 e6 5. Bg2 Nc6 6. d4 Bg7 7. 0-0 0-0 8. Bd2 Ne7 9. Rc1 c5 10. dxc5 dxc5 11. Bg5 Qxd1 12. Rfxd1 Rb8 13. e4 Nc6 14. Bf4 Ra8 15. Bd6 Rd8 16. Bxc5 Bd7 17. Rd2 Be8 18. Rdd1 Ng4 19. a3 Nge5 20. Nxe5 Nxe5 21. f4 Nxc4 22. b3 Na5 23. b4 Nb3 24. Rc2 Bxc3 25. Rxd8 Rxd8 26. Rxc3 Rd1+ 27. Kf2 Nxc5 28. Rxc5 Bc6 29. e5 Rd2+ 30. Kf1 Rxg2 31. Rxc6 bxc6 32. Kxg2 Kf8 33. Kf3 Ke7 34. Ke4 Kd7 35. Kd4 Kc7 36. Kc5 Kd7 37. a4 Kc7 38. h4 h5 39. b5 cxb5 40. axb5 1/2-1/2